Indian civilization and the science of fingerprinting / (Record no. 143529)

MARC details
000 -LEADER
fixed length control field 00751nam a22002057a 4500
005 - DATE AND TIME OF LATEST TRANSACTION
control field 20170818111341.0
010 ## - LCCN (DPL NO)
LC control number ENG-119744
020 ## - INTERNATIONAL STANDARD BOOK NUMBER
International Standard Book Number 9788123018119
Terms of availability 160.00
035 ## - SYSTEM CONTROL NUMBER
System control number EN-103276
037 ## - SOURCE OF ACQUISITION
Source of stock number/acquisition DBAD/PUB
082 ## - DEWEY DECIMAL CLASSIFICATION NUMBER
Classification number 363.2580954
100 ## - MAIN ENTRY--PERSONAL NAME
Personal name Sodhi, G.S.
245 ## - TITLE STATEMENT
Title Indian civilization and the science of fingerprinting /
Statement of responsibility, etc by G.S. Sodhi [and] Jasjeet Kaur
260 ## - PUBLICATION, DISTRIBUTION, ETC. (IMPRINT)
Place of publication, distribution, etc New Delhi
Name of publisher, distributor, etc Publications Division
Date of publication, distribution, etc 2013
270 ## - ADDRESS
Address Ministry of Information and Broadcasting, Government of India, Soochna Bhawan, C.G.O. Complex, Lodhi Road,
City New Delhi
Postal code 110003
300 ## - PHYSICAL DESCRIPTION
Extent 109p.
Dimensions 22cm(pbk)
Other physical details ill.(col.)
500 ## - GENERAL NOTE
General note Includes bibliographical references
700 ## - ADDED ENTRY--PERSONAL NAME
Personal name Kaur, Jasjeet
942 ## - ADDED ENTRY ELEMENTS (KOHA)
Source of classification or shelving scheme Dewey Decimal Classification
Item type English Books
Classification part 363.2580954
Call number suffix SOD
Holdings
Withdrawn status Lost status Not for loan Collection code Home library Current library Date acquired Source of acquisition Cost, normal purchase price Full call number Barcode Copy number Cost, replacement price Koha item type
    Not For Loan Non-fiction D.B.Act.Division Bawana 18/08/2017 DBAD/PUB 160.00 363.2580954 SOD EN-103276 1 160.00 English Books

© Delhi Public Library
Hit Counter
free hit counter